|
|
|
|
| LEADER |
00000cam a2200000 a 4500 |
| 001 |
A-75 |
| 003 |
Ucuenca |
| 005 |
20230308194404.0 |
| 008 |
000000|2007 ec ||||||||r|||||||||||spa|| |
| 040 |
|
|
|b spa
|
| 041 |
0 |
|
|a es
|
| 082 |
1 |
|
|a .
|c A-75
|
| 100 |
1 |
|
|a Montalván Peralta, Silvia
|9 151260
|
| 245 |
|
3 |
|a La prueba en el proceso de impugnación tributaria. Análisis de la legislación ecuatoriana vigente
|c Silvia Montalván Peralta. Director Boris Barrera Crespo
|h cd
|
| 264 |
|
|
|a Cuenca
|c 2007
|
| 300 |
|
|
|a 129 páginas:
|c 18 cm
|
| 502 |
|
|
|a Abogado de los Tribunales de Justicia de la República y Licenciado en Ciencias Políticas y Sociales
|b Universidad de Cuenca
|c jur
|d Barrera Crespo, Boris, dir.
|
| 520 |
3 |
|
|a El estudio del tema, la Prueba en lo Contencioso Tributario está limitado al análisis de nuestra legislación Ecuatoriana, en la que veremos que en el ámbito Tributario se generan deberes y obligaciones entre la Administración perteneciente al Estado y el Contribuyente o Responsable, en la que estos últimos deben pagar tributo a la entidad recaudador, ya sea en dinero especies o servicios apreciables en dinero, al verificarse el hecho generador previsto en la ley...
|
| 650 |
|
0 |
|a Derecho tributario
|9 7585
|
| 650 |
|
0 |
|a Proceso tributario
|9 141919
|
| 650 |
|
0 |
|a Impugnacion tributaria
|9 151261
|
| 650 |
|
0 |
|a Legislación ecuatoriana
|9 7185
|
| 650 |
|
0 |
|a Tesis en derecho
|9 1232
|
| 852 |
|
|
|a UC-CDJBV
|f Donación
|l 1
|m Limitada
|p 00000000
|q 1.00
|t A-75
|b 1
|d CDRC
|e CDRC
|g ESTANTERIA CERRADA
|z 0000-00-00
|
| 856 |
|
|
|u http://nas.ucuenca.edu.ec/BibliotecaDigital/ebooks/a75.pdf
|
| 942 |
|
|
|c TS
|2 ddc
|r nube.salto@ucuenca.edu.ec
|
| 999 |
|
|
|c 85927
|d 85927
|